[Event "Amplico ch-EUR Blitz"]
[Site "Warsaw POL"]
[Date "2012.12.14"]
[Round "9.1"]
[White "Dreev,A"]
[Black "Petrosian,TL"]
[Result "0-1"]
[WhiteElo "2654"]
[BlackElo "2648"]

1.d4 d5 2.c4 c6 3.Nf3 Nf6 4.e3 Bf5 5.Nc3 e6 6.Nh4 Bg6 7.Nxg6 hxg6 8.Bd3 Nbd7
9.h3 Bd6 10.Qb3 Qc7 11.Bd2 dxc4 12.Bxc4 Nb6 13.Be2 e5 14.dxe5 Bxe5 15.Qc2 Qe7
16.O-O-O O-O-O 17.Kb1 Kb8 18.Bf3 Nc4 19.Bc1 Qb4 20.Qb3 Na3+ 21.Qxa3 Qxa3
22.bxa3 Bxc3 23.Kc2 Be5 24.a4 Kc7 25.Ba3 Rh4 26.Rxd8 Rc4+ 27.Kd3 Rc3+ 28.Kd2 Rxa3
29.Rf8 Rxa2+ 30.Kd3 Nd7 31.Rxf7 Kd6 32.Rd1 Ke6 33.Rxd7 Kxd7 34.Ke4+ Ke6 35.Bg4+ Kf6
36.f4 Rxa4+ 37.Kf3 Bc7 38.Rd7 Bb6 39.Rd6+ Ke7 40.Rd7+ Kf8  0-1

[Event "Amplico ch-EUR Blitz"]
[Site "Warsaw POL"]
[Date "2012.12.14"]
[Round "10.1"]
[White "Socko,B"]
[Black "Dreev,A"]
[Result "1/2-1/2"]
[WhiteElo "2631"]
[BlackElo "2654"]

1.d4 d5 2.c4 c6 3.Nf3 Nf6 4.e3 Bf5 5.Nc3 e6 6.Nh4 Be4 7.f3 Bg6 8.Qb3 Qc7
9.Bd2 Be7 10.g3 Bh5 11.Be2 g5 12.Ng2 h6 13.cxd5 exd5 14.O-O-O Bg6 15.g4 Nbd7
16.Be1 Qb6 17.h4 Qxb3 18.axb3 O-O-O 19.Bg3 Rhe8 20.Kd2 Nf8 21.Ne1 Bd6 22.Bxd6 Rxd6
23.hxg5 hxg5 24.Bd3 Rde6 25.Nc2 Bxd3 26.Kxd3 Ng6 27.Rdf1 Nh4 28.Rf2 Nd7 29.f4 f6
30.f5 R6e7 31.b4 a6 32.Rh3 Nb6 33.b3 Na8 34.Na3 Nc7 35.Nab1 Rd8 36.Na4 Re4
37.Rg3 Rde8 38.Nd2 R4e7 39.Rf1 Kb8 40.Nc5 b6 41.Na4 Kb7 42.Nc3 Rd8 43.Rh1 Ne8
44.Nf3 Nxf3 45.Rxf3 Nd6 46.Rfh3 Rde8 47.Rh7 Kc7 48.Rxe7+ Rxe7 49.Rh6 Ne8
50.e4 dxe4+ 51.Nxe4 Rf7 52.Rh8 Nd6 53.Nxd6 Kxd6 54.Re8 Rh7 55.Rf8 Ke7 56.Ra8 Kd6
57.Ke4 Re7+ 58.Kd3 Rh7 59.Ke4 Re7+ 60.Kd3 Rh7 61.Ke4  1/2-1/2

[Event "Amplico ch-EUR Blitz"]
[Site "Warsaw POL"]
[Date "2012.12.14"]
[Round "10.2"]
[White "Dreev,A"]
[Black "Socko,B"]
[Result "1-0"]
[WhiteElo "2654"]
[BlackElo "2631"]

1.d4 Nf6 2.c4 e6 3.Nc3 Bb4 4.Qc2 O-O 5.a3 Bxc3+ 6.Qxc3 d6 7.Bg5 Nbd7 8.Nf3 b6
9.Nd2 c5 10.dxc5 dxc5 11.e3 Bb7 12.f3 Qc7 13.Be2 e5 14.O-O Rfe8 15.Rad1 h6
16.Bh4 Qc6 17.Qc2 Nf8 18.Bd3 N6d7 19.Be4 Qc7 20.Bxb7 Qxb7 21.Ne4 Re6 22.Rd2 Ng6
23.Bg3 Ndf8 24.Rfd1 Qe7 25.Nd6 Nh7 26.Nf5 Qe8 27.Nd6 Qe7 28.Qe4 Rf8 29.Qb7 Nf6
30.Qxe7 Rxe7 31.e4 Nh5 32.Nf5 Rc7 33.Rd7 Rfc8 34.Rxc7 Rxc7 35.Rd8+ Kh7 36.Ne3 Nhf4
37.Nd5 Rb7 38.Bxf4 exf4 39.a4 Ne5 40.b3 g5 41.Rd6 Kg7 42.Kf1 Nd7 43.Ke2 Nf8
44.Kd3 Ne6 45.e5 Nd4 46.b4 Ne6 47.b5 h5 48.Ke4 Kg6 49.h4 Rb8 50.Ne7+ Kg7
51.hxg5 Nxg5+ 52.Kxf4 Ne6+ 53.Ke4 Kh7 54.Rd7 Ra8 55.Nf5 Kg6 56.Ne7+ Kh7 57.Nd5 Kg6
58.f4 Nd4 59.Ne3 a6 60.f5+ Kg5 61.Rxf7 axb5 62.axb5 Ra3 63.e6 Ra8 64.e7 Re8
65.f6 Ne6 66.Ke5 Nc7 67.Rf8 Kg6 68.Nf5  1-0

[Event "Amplico ch-EUR Blitz"]
[Site "Warsaw POL"]
[Date "2012.12.14"]
[Round "11.1"]
[White "Dreev,A"]
[Black "Stocek,J"]
[Result "1/2-1/2"]
[WhiteElo "2654"]
[BlackElo "2557"]

1.d4 Nf6 2.c4 e6 3.Nc3 Bb4 4.Qc2 O-O 5.a3 Bxc3+ 6.Qxc3 d6 7.Bg5 Re8 8.Nf3 Nbd7
9.e3 Qe7 10.Bd3 h6 11.Bh4 e5 12.Bc2 exd4 13.Nxd4 Ne5 14.O-O Ng6 15.Bg3 Ne4
16.Bxe4 Qxe4 17.Rfe1 h5 18.h3 h4 19.Bh2 a6 20.c5 dxc5 21.Qxc5 c6 22.Rad1 Be6
23.f3 Qd5 24.Qxd5 Bxd5 25.e4 Be6 26.f4 Nf8 27.f5 Bd7 28.Bd6 b6 29.Nf3 Ra7
30.Nxh4 c5 31.e5 Bc6 32.Rc1 a5 33.b4 axb4 34.axb4 Ra4 35.bxc5 Rxh4 36.cxb6 Bd5
37.Rb1 Nd7 38.b7 Nb8 39.Rec1 Rc4 40.Rxc4 Bxc4 41.Ra1 Bd5 42.Ra8 Bxb7 43.Rxb8 Rxb8
44.Bxb8 Be4 45.g4 g6 46.fxg6 fxg6 47.e6 Kf8 48.Bd6+ Ke8 49.Kf2 Bd5 50.e7 Kd7
51.Kg3 g5 52.Bc5 Bc4 53.Kf2 Bb5 54.Ke3 Ke8 55.Ke4 Bf1 56.Kf5 Bxh3 57.Kxg5 Kf7
58.Kh5 Bf1 59.g5 Bd3 60.Kh6 Bc2 61.Bd6 Bb1 62.Kh5 Bf5 63.Kh4 Bg6 64.Kg4 Ke6
65.Bb4 Ke5 66.Bc3+ Ke6 67.Bf6 Bh7 68.Kf4 Bg6 69.Ke3 Kd5 70.Bg7 Kc4 71.Bf8 Kd5
72.Kf4 Ke6  1/2-1/2

[Event "Amplico ch-EUR Blitz"]
[Site "Warsaw POL"]
[Date "2012.12.14"]
[Round "11.2"]
[White "Stocek,J"]
[Black "Dreev,A"]
[Result "0-1"]
[WhiteElo "2557"]
[BlackElo "2654"]

1.Nf3 d5 2.c4 c6 3.g3 Nf6 4.Bg2 dxc4 5.O-O Nbd7 6.Qc2 Nb6 7.Na3 g6 8.Nxc4 Nxc4
9.Qxc4 Be6 10.Qc2 Bg7 11.d3 O-O 12.Bd2 Nd5 13.e4 Nc7 14.Bc3 Bg4 15.Bxg7 Kxg7
16.Ne5 Be6 17.a4 f6 18.Nf3 Bg4 19.Qb3 Rb8 20.Rac1 Qd6 21.d4 Bxf3 22.Bxf3 Ne6
23.d5 Nd4 24.Qc3 e5 25.dxe6 Rbd8 26.Rfd1 Rfe8 27.Kg2 Qe5 28.Qb4 b6 29.a5 c5
30.Qa4 Rxe6 31.axb6 axb6 32.Rd3 Rde8 33.Qd1 Nxf3 34.Qxf3 Qxe4 35.Qxe4 Rxe4
36.Rd7+ R8e7 37.Rcd1  0-1

[Event "Amplico ch-EUR Rapid"]
[Site "Warsaw POL"]
[Date "2012.12.15"]
[Round "1.1"]
[White "Kowalski,Igor"]
[Black "Dreev,A"]
[Result "0-1"]
[WhiteElo "1806"]
[BlackElo "2654"]

1.e4 c5 2.Nf3 Nc6 3.d4 cxd4 4.Nxd4 Nf6 5.Nc3 d6 6.Be2 e5 7.Nb3 Be7 8.O-O O-O
9.Be3 a5 10.a4 Be6 11.Bf3 Nb4 12.Qd2 Qc7 13.Rac1 Qc6 14.Rfd1 h6 15.h3 Rfd8
16.Kh1 Bc4 17.Ra1 b6 18.Nd5 Nbxd5 19.exd5 Qb7 20.Rac1 Rac8 21.Kg1 Rc7 22.Na1 e4
23.Be2 Bxd5 24.Qd4 Rb8 25.c4 Bc6 26.b3 Nd7 27.Bf4 Nc5 28.Bxd6 Rd7 29.Qe5 Nd3
30.Rxd3 exd3 31.Bxb8 dxe2 32.Qxe2 Qxb8 33.Nc2 Qf4 34.Ne3 Bc5 35.Re1 Re7 36.Qd3 Re8
37.Re2 Qg5 38.Nd5 Rxe2 39.Qxe2 Bxd5 40.cxd5 Qxd5 41.Qc2 g6 42.g3 Qf3 43.Kf1 Qh1+
44.Ke2 Qxh3 45.Qd3 Qe6+ 46.Kf1 Qf5 47.f4 Qxd3+  0-1

[Event "Amplico ch-EUR Rapid"]
[Site "Warsaw POL"]
[Date "2012.12.15"]
[Round "2.1"]
[White "Dreev,A"]
[Black "Nowicki,B"]
[Result "1-0"]
[WhiteElo "2654"]
[BlackElo "2142"]

1.d4 Nf6 2.c4 g6 3.Nc3 Bg7 4.e4 d6 5.f3 O-O 6.Nge2 e5 7.Bg5 h6 8.Be3 Nc6
9.d5 Ne7 10.Qd2 Kh7 11.Ng3 Nd7 12.Bd3 Nc5 13.Bc2 a5 14.O-O h5 15.f4 h4 16.Nge2 f5
17.fxe5 Bxe5 18.Bg5 fxe4 19.Nxe4 Nxe4 20.Bxe4 h3 21.Nf4 hxg2 22.Qxg2 Bf5
23.Bxf5 gxf5 24.Rf3 Bg7 25.Ne6 Qe8 26.Nxg7 Kxg7 27.Bxe7+  1-0

[Event "Amplico ch-EUR Rapid"]
[Site "Warsaw POL"]
[Date "2012.12.15"]
[Round "3.1"]
[White "Rogule,L"]
[Black "Dreev,A"]
[Result "0-1"]
[WhiteElo "2306"]
[BlackElo "2654"]

1.c4 c6 2.Nc3 d5 3.d4 Nf6 4.Nf3 e6 5.cxd5 exd5 6.Bg5 Be7 7.Qc2 g6 8.e3 Bf5
9.Bd3 Bxd3 10.Qxd3 Nbd7 11.O-O O-O 12.Rab1 a5 13.h3 Re8 14.a3 a4 15.Qc2 Qa5
16.Nd2 Bd6 17.Rbe1 Kg7 18.f4 c5 19.f5 Bg3 20.Re2 Qa6 21.Bf4 Nh5 22.Nf3 Bxf4
23.exf4 Ng3 24.Ne5 cxd4 25.Nxd7 Nxe2+ 26.Nxe2 Qxe2 27.Qc5 Qe3+ 28.Kh1 Qd3
29.f6+ Kg8 30.Rc1 Qd2 31.Rf1 Rac8 32.Qxd5 Rc1  0-1

[Event "Amplico ch-EUR Rapid"]
[Site "Warsaw POL"]
[Date "2012.12.15"]
[Round "4.1"]
[White "Dreev,A"]
[Black "Bukavshin,I"]
[Result "1/2-1/2"]
[WhiteElo "2654"]
[BlackElo "2510"]

1.d4 d5 2.c4 e6 3.Nf3 Nf6 4.Nc3 c5 5.cxd5 cxd4 6.Qa4+ Bd7 7.Qxd4 exd5 8.Bg5 Nc6
9.Bxf6 Nxd4 10.Bxd8 Nxf3+ 11.exf3 Kxd8 12.O-O-O Rc8 13.Rxd5 Rc5 14.Rd4 Kc8
15.Bc4 g6 16.Bxf7 Bh6+ 17.Kb1 Rf8 18.Ne4 Rc7 19.Bd5 Kb8 20.Rhd1 Rfc8 21.a3 Rc1+
22.Rxc1 Rxc1+ 23.Ka2 Bf5 24.g3 Bg7 25.Rd2 Kc7 26.h4 h6 27.Bf7 a5 28.a4 Bf8
29.Bb3 Bb4 30.Re2 Re1 31.Rc2+ Kb6 32.Bd5 Rd1 33.Bf7 Re1 34.Bd5 Rd1 35.Bc4 Rd4
36.Kb3 Bxe4 37.fxe4 Rxe4 38.Bd3 Re6 39.Bc4 Rf6 40.Re2 g5 41.hxg5 hxg5 42.Bd5 g4
43.Kc4 Bc5 44.Re4 Bb4 45.Rxg4 Rxf2 46.Rg6+ Kc7 47.b3 Rc2+ 48.Kd3 Rd2+ 49.Ke4 Re2+
50.Kf3 Re7 51.g4 Bd2 52.Be4 Rf7+ 53.Bf5 Re7 54.Be4 Rf7+ 55.Ke2 Bc3 56.Kd3 Bb2
57.Re6 Rd7+ 58.Ke2 Rd6 59.Re8 Rd8 60.Re7+ Rd7 61.Re8 Rd8 62.Rxd8 Kxd8 63.Bxb7 Ba3
64.Ke1  1/2-1/2

[Event "Amplico ch-EUR Rapid"]
[Site "Warsaw POL"]
[Date "2012.12.15"]
[Round "5.16"]
[White "Jurcik,Mari"]
[Black "Dreev,A"]
[Result "0-1"]
[WhiteElo "2496"]
[BlackElo "2654"]

1.e4 c6 2.Nc3 d5 3.Qe2 e6 4.Nf3 Bb4 5.a3 Ba5 6.g3 Nf6 7.e5 Nfd7 8.Bg2 O-O
9.O-O c5 10.Nb5 Nc6 11.b4 cxb4 12.axb4 Bxb4 13.c3 Be7 14.d4 Nb6 15.h4 a6
16.Na3 Bd7 17.Bg5 Na4 18.Qd3 b5 19.Bxe7 Nxe7 20.Ng5 g6 21.Nc2 Rc8 22.Ne3 h6
23.Nh3 Kg7 24.Ng4 Ng8 25.h5 Rxc3 26.Qd2 Rc4 27.Nf4 Qb6 28.Nf6 Qxd4 29.Qxd4 Rxd4
30.Nxd7 Rd8 31.Nf6 Nxf6 32.exf6+ Kxf6 33.hxg6 fxg6 34.Bh3 Rd6 35.Rfc1 Rc4
36.Bf1 Rxc1 37.Rxc1 e5 38.Nd3 e4 39.Nb4 d4 40.f3 d3 41.Ra1 Nc3 42.fxe4 d2
43.Nd5+ Rxd5  0-1

[Event "Amplico ch-EUR Rapid"]
[Site "Warsaw POL"]
[Date "2012.12.15"]
[Round "6.6"]
[White "Dreev,A"]
[Black "Neiksans,A"]
[Result "1-0"]
[WhiteElo "2654"]
[BlackElo "2534"]

1.d4 f5 2.c4 Nf6 3.Nc3 e6 4.e3 Bb4 5.Ne2 b6 6.a3 Bxc3+ 7.Nxc3 Bb7 8.Bd3 O-O
9.O-O Qe7 10.f3 Nc6 11.b3 Rae8 12.Bb2 d6 13.Qd2 Qd7 14.Rae1 Nd8 15.Qc2 Nf7
16.d5 Nh6 17.dxe6 Qxe6 18.Nb5 Qd7 19.b4 a6 20.Nd4 Re5 21.f4 Re4 22.c5 dxc5
23.bxc5 Bd5 24.Nf3 Nhg4 25.Bxe4 Nxe4 26.h3 Ngf6 27.Rd1 b5 28.Bxf6 Rxf6 29.Ne5 Qe6
30.c6 h6 31.Qd3 Bc4 32.Qd8+ Rf8 33.Qxc7 Bxf1 34.Rd7 Qf6 35.Kxf1 Kh8 36.Rf7 Rxf7
37.Qxf7 Qd6 38.Qe8+ Kh7 39.Qd7 Ng3+ 40.Kf2 Ne4+ 41.Kg1 Kg8 42.Qc8+  1-0

[Event "Amplico ch-EUR Rapid"]
[Site "Warsaw POL"]
[Date "2012.12.15"]
[Round "7.3"]
[White "Tkachiev,V"]
[Black "Dreev,A"]
[Result "1/2-1/2"]
[WhiteElo "2650"]
[BlackElo "2654"]

1.c4 c6 2.e4 d5 3.exd5 cxd5 4.d4 Nf6 5.Nc3 Nc6 6.Bg5 Be6 7.Nf3 Ne4 8.Bf4 Nxc3
9.bxc3 dxc4 10.Rb1 Qd7 11.Nd2 Bf5 12.Ra1 e6 13.Nxc4 Be7 14.Be2 O-O 15.O-O Rac8
16.a4 Rfd8 17.a5 Be4 18.Nd2 Bg6 19.Nc4 Be4 20.Nd2 Bg6  1/2-1/2

[Event "Amplico ch-EUR Rapid"]
[Site "Warsaw POL"]
[Date "2012.12.16"]
[Round "8.2"]
[White "Dreev,A"]
[Black "Petrosian,TL"]
[Result "1-0"]
[WhiteElo "2654"]
[BlackElo "2648"]

1.d4 d6 2.c4 e5 3.Nc3 exd4 4.Qxd4 Nc6 5.Qd2 g6 6.g3 Bg7 7.Bg2 Nf6 8.b3 O-O
9.Bb2 Re8 10.Nh3 Bf5 11.O-O Ne4 12.Nxe4 Bxe4 13.f3 Bf5 14.Nf2 Qe7 15.e4 Bd7
16.f4 Rad8 17.Rad1 Qf8 18.Bf3 Bxb2 19.Qxb2 Qg7 20.Qd2 b6 21.Rfe1 a5 22.e5 h5
23.exd6 Rxe1+ 24.Rxe1 Nd4 25.Bd5 c5 26.Qe3 Be6 27.Bxe6 Nxe6 28.Qe5 Nd4 29.Qd5 Qf6
30.d7 Kg7 31.Re8 Ne6 32.Kg2 Nc7 33.Rxd8 Qxd8 34.Qe5+ Kg8 35.Ne4 Ne6 36.Nf6+ Kf8
37.Nd5 Kg8 38.Qd6 Qa8 39.Qxb6 a4 40.bxa4 Kg7 41.a5 h4 42.a6 hxg3 43.hxg3 Qh8
44.d8=Q Nxd8 45.Qf6+  1-0

[Event "Amplico ch-EUR Rapid"]
[Site "Warsaw POL"]
[Date "2012.12.16"]
[Round "9.3"]
[White "Moranda,W"]
[Black "Dreev,A"]
[Result "0-1"]
[WhiteElo "2559"]
[BlackElo "2654"]

1.d4 d5 2.c4 c6 3.Nc3 Nf6 4.e3 e6 5.Nf3 Nbd7 6.Bd3 dxc4 7.Bxc4 b5 8.Bd3 b4
9.Na4 c5 10.dxc5 Nxc5 11.Nxc5 Bxc5 12.O-O Bb7 13.Qe2 Qb6 14.e4 Rd8 15.Bg5 h6
16.Bh4 g5 17.Bg3 Nh5 18.Be5 Ke7 19.Nd2 Nf4 20.Bxf4 gxf4 21.Nc4 Qc7 22.Rac1 Rhg8
23.Kh1 Rg5 24.Qf3 Rd4 25.Rfd1 f5 26.Qh3 h5 27.Qh4 Kf6 28.f3 fxe4 29.Bxe4 Bxe4
30.fxe4 Kg6 31.Qh3 Kf7 32.Qf3 Kg7 33.e5 Qd7 34.b3 Qd5 35.Rxd4 Bxd4 36.Rd1 Qxf3
37.gxf3 Bc5 38.Nd6 Rxe5 39.Ne4 Be3 40.Rd7+ Kg6 41.Kg2 Ra5 42.Re7 Rxa2+ 43.Kf1 Rxh2
44.Rxe6+ Kf7 45.Ng5+ Kg7 46.Ne4 h4 47.Re7+ Kg6 48.Re6+ Kf7 49.Rh6 Kg7 50.Rh5 h3
51.Ke1 Rh1+ 52.Ke2 h2  0-1

[Event "Amplico ch-EUR Rapid"]
[Site "Warsaw POL"]
[Date "2012.12.16"]
[Round "10.1"]
[White "Dreev,A"]
[Black "Naiditsch,A"]
[Result "1-0"]
[WhiteElo "2654"]
[BlackElo "2708"]

1.d4 Nf6 2.c4 e6 3.Nc3 Bb4 4.Qc2 O-O 5.a3 Bxc3+ 6.Qxc3 b5 7.cxb5 c6 8.Bg5 cxb5
9.e3 Bb7 10.Nf3 h6 11.Bh4 g5 12.Bg3 Ne4 13.Qd3 a6 14.Nd2 f5 15.Rc1 Nxg3 16.hxg3 Kg7
17.Qc3 Qc8 18.Qxc8 Rxc8 19.Rxc8 Bxc8 20.Bd3 Ra7 21.e4 Rc7 22.O-O fxe4 23.Nxe4 Bb7
24.Nd6 Kf8 25.f4 Ke7 26.Nxb7 Rxb7 27.Kf2 Nc6 28.Ke3 Kf6 29.Rh1 Kg7 30.Rc1 Ne7
31.Be4 Ra7 32.g4 gxf4+ 33.Kxf4 d6 34.g5 e5+ 35.dxe5 dxe5+ 36.Kxe5 hxg5 37.Kd6 a5
38.Rc7 Rxc7 39.Kxc7 Kf6 40.Kb6 Ke5 41.Bb7 b4 42.Kxa5 bxa3 43.bxa3 Kd6 44.Kb6 Ng6
45.a4 Ne5 46.a5 Nd7+ 47.Kb5 Kc7 48.Bd5 Kb8 49.Be6 Ne5 50.Kb6 Nd3 51.a6  1-0

[Event "Amplico ch-EUR Rapid"]
[Site "Warsaw POL"]
[Date "2012.12.16"]
[Round "11.1"]
[White "Rublevsky,S"]
[Black "Dreev,A"]
[Result "1/2-1/2"]
[WhiteElo "2688"]
[BlackElo "2654"]

1.e4 c6 2.d4 d5 3.e5 Bf5 4.Nd2 e6 5.Nb3 c5 6.dxc5 Bxc5 7.Nxc5 Qa5+ 8.c3 Qxc5
9.Be3 Qc7 10.f4 Ne7 11.Nf3 Nbc6 12.Be2 O-O 13.O-O Be4 14.Nd2 Bg6 15.Nb3 Na5
16.Nxa5  1/2-1/2

[Event "Russian Rapid GP Final 2012"]
[Site "Kirov RUS"]
[Date "2012.12.23"]
[Round "1.1"]
[White "Kim,Ya"]
[Black "Dreev,A"]
[Result "0-1"]
[WhiteElo "1972"]
[BlackElo "2654"]

1.e4 c6 2.d4 d5 3.Nc3 dxe4 4.Nxe4 Bf5 5.Ng3 Bg6 6.f4 e6 7.Nf3 Nd7 8.Bd3 Qa5+
9.c3 Bxd3 10.Qxd3 Ngf6 11.f5 Bd6 12.fxe6 fxe6 13.Ne4 Nxe4 14.Qxe4 Qf5 15.Ng5 O-O
16.Be3 Nf6 17.Qxf5 exf5 18.O-O-O Ng4 19.Bd2 Nf2 20.Nf3 Nxh1 21.Rxh1 Rae8
22.Kd1 h6 23.h4 Re4 24.h5 Bg3 25.Be1 Bxe1 26.Rxe1 Rxe1+ 27.Kxe1 f4 28.Nh4 f3
29.Nxf3 Rf5 30.Ke2 Rxh5 31.Kd3 Kf7 32.Ke4 Ke6 33.c4 Rh1 34.Nd2 Re1+ 35.Kf3 Ra1  0-1

[Event "Russian Rapid GP Final 2012"]
[Site "Kirov RUS"]
[Date "2012.12.23"]
[Round "1.2"]
[White "Dreev,A"]
[Black "Kim,Ya"]
[Result "1-0"]
[WhiteElo "2654"]
[BlackElo "1972"]

1.d4 Nf6 2.c4 g6 3.Nc3 Bg7 4.e4 d6 5.f3 O-O 6.Nge2 e5 7.Bg5 h6 8.Be3 c6 9.Qd2 Kh7
10.g3 Nbd7 11.Bg2 a5 12.O-O exd4 13.Bxd4 Nc5 14.Rad1 Be6 15.e5 Ng8 16.Qe3 Nd7
17.exd6 Bxd4 18.Qxd4 Ngf6 19.Nf4 Bf5 20.Rfe1 Re8 21.c5 Bc2 22.Rc1 Bf5 23.Na4 Rb8
24.Bf1 g5 25.Bd3 Bxd3 26.Nxd3 Nd5 27.Rxe8 Qxe8 28.Re1 Qg8 29.Qg4 N7f6 30.Qf5+ Kg7
31.Kf2 Re8 32.Re5 Qf8 33.b3 b6 34.Rxe8 Qxe8 35.Qe5 Qb8 36.cxb6 Nxb6 37.Nac5 Kg6
38.Qe7 Nbd5 39.Ne5+ Kf5 40.g4+  1-0

[Event "Russian Rapid GP Final 2012"]
[Site "Kirov RUS"]
[Date "2012.12.23"]
[Round "2.2"]
[White "Maletin,P"]
[Black "Dreev,A"]
[Result "0-1"]
[WhiteElo "2567"]
[BlackElo "2654"]

1.d4 d5 2.c4 c6 3.Nf3 Nf6 4.Nc3 e6 5.Bg5 Nbd7 6.e3 Qa5 7.cxd5 Nxd5 8.Qd2 Bb4
9.Rc1 h6 10.Bh4 b6 11.e4 Nxc3 12.bxc3 Ba3 13.Rb1 Ba6 14.Bd3 O-O 15.O-O Rfe8
16.Rfd1 Rac8 17.Rb3 Bxd3 18.Qxd3 Bf8 19.Rb2 c5 20.d5 c4 21.Qb1 exd5 22.Rxd5 Nc5
23.Ne5 Qxc3 24.Rc2 Qa3 25.f3 Rxe5 26.Rxe5 Nd3 27.Rb5 Nb4  0-1

[Event "Russian Rapid GP Final 2012"]
[Site "Kirov RUS"]
[Date "2012.12.23"]
[Round "2.1"]
[White "Dreev,A"]
[Black "Maletin,P"]
[Result "1-0"]
[WhiteElo "2654"]
[BlackElo "2567"]

1.d4 g6 2.c4 Bg7 3.e4 c5 4.d5 d6 5.Nc3 e6 6.Bd3 Ne7 7.Nf3 O-O 8.O-O h6 9.dxe6 fxe6
10.e5 d5 11.Re1 Nbc6 12.a3 b6 13.h4 Bb7 14.cxd5 exd5 15.h5 g5 16.Nxg5 hxg5
17.h6 Bxe5 18.Qh5 Kh8 19.Bxg5 Qe8 20.Qh4 Ng6 21.Qg4 Qf7 22.Nxd5 Qxf2+ 23.Kh1 Qf7
24.Qe4 c4 25.Rf1 Qh7 26.Qxc4 Nd4 27.Ne7 Qxe7 28.Bxe7 Nxe7 29.Rf7 Bd5 30.Rh7+ Kg8
31.Rxe7 Bxc4 32.Bxc4+ Kh8 33.Rxe5 Rf6 34.Rd1 Rxh6+ 35.Kg1 Rd8 36.Rd5 Rxd5
37.Bxd5 Nf5 38.Be4 Nd6 39.Bf3 Kg7 40.Rc1 Kf6 41.Rc7 Ke5 42.Rxa7 Nc4 43.b4 Kd4
44.Kf2 Kc3 45.g4 b5 46.Kg3 Kb3 47.Bd5 Rd6 48.Bf7 Rd3+ 49.Kh4 Kb2 50.a4 Ne5
51.axb5  1-0

[Event "Russian Rapid GP Final 2012"]
[Site "Kirov RUS"]
[Date "2012.12.23"]
[Round "3.1"]
[White "Shomoev,A"]
[Black "Dreev,A"]
[Result "0-1"]
[WhiteElo "2564"]
[BlackElo "2654"]

1.d4 d5 2.c4 c6 3.Nc3 Nf6 4.cxd5 cxd5 5.Bf4 Nc6 6.e3 Bg4 7.Qb3 Na5 8.Qa4+ Bd7
9.Bb5 Nc6 10.Qd1 e6 11.Bd3 Be7 12.g4 Qb6 13.g5 Nh5 14.Qxh5 Qxb2 15.Rd1 Qxc3+
16.Kf1 Nb4 17.Bb1 Ba4 18.Re1 Nd3 19.Bxd3 Qxd3+ 20.Kg2 O-O 21.Ne2 Qe4+ 22.f3 Qc2
23.Kg3 Bb5 24.Nc1 Rac8 25.Be5 Qf5 26.h4 f6  0-1

[Event "Russian Rapid GP Final 2012"]
[Site "Kirov RUS"]
[Date "2012.12.23"]
[Round "3.2"]
[White "Dreev,A"]
[Black "Shomoev,A"]
[Result "1/2-1/2"]
[WhiteElo "2654"]
[BlackElo "2564"]

1.d4 g6 2.e4 Bg7 3.Nf3 d6 4.c3 Nf6 5.Bd3 O-O 6.O-O Nc6 7.Nbd2 e5 8.Re1 a5
9.Bb5 Nh5 10.Bxc6 bxc6 11.dxe5 dxe5 12.Nc4 Qe7 13.Bg5 Qe6 14.Qa4 Ba6 15.Nxa5 Bb5
16.Qb4 Rfb8 17.c4 Ba6 18.Qc3 c5 19.Rad1 Nf4 20.Bxf4 exf4 21.e5 Qb6 22.Ng5 Re8
23.Nb3 h6 24.Nf3 Bb7 25.Nc1 g5 26.h3 Re6 27.b3 Rg6 28.Qd3 Re8 29.Qd7 Bc6
30.Qf5 Qb7 31.Qg4 Qa8 32.Rd2 Bb7 33.Nd3 Bc8 34.Qh5 Qc6 35.Nh2 Bf5 36.Ng4 Rge6
37.Nh2 Bg6 38.Qf3 Qb6 39.Red1 Rd8 40.h4 Rd4 41.hxg5 hxg5 42.Qg4 f3 43.Qxg5 Bxd3
44.Rxd3 Rg6 45.Qh5 Rxg2+ 46.Kh1 Rxf2 47.Rxd4 cxd4 48.Rg1 Rg2 49.Rxg2 fxg2+
50.Kxg2 d3 51.Nf3 Qe3 52.Qf5 d2 53.Qc8+ Bf8 54.Qg4+ Kh8 55.Qh4+ Qh6 56.Qd8 Qg6+
57.Kf2 Kh7 58.Qxd2 Bc5+ 59.Kf1 Qf5 60.Qe2 Kg7 61.Kg2 Qg4+ 62.Kf1 Kf8 63.Qd3 Qh3+
64.Ke2 Qg2+ 65.Kd1 Kg7 66.Qe2 Qg6 67.Qc2 Qg4 68.Qe2 Qg6 69.Qc2 Qg4  1/2-1/2

[Event "Russian Rapid GP Final 2012"]
[Site "Kirov RUS"]
[Date "2012.12.24"]
[Round "4.1"]
[White "Dreev,A"]
[Black "Artemiev,V"]
[Result "1/2-1/2"]
[WhiteElo "2654"]
[BlackElo "2474"]

1.d4 d5 2.c4 c6 3.Nf3 Nf6 4.e3 Bf5 5.Nc3 e6 6.Nh4 Bg6 7.Nxg6 hxg6 8.Bd3 Nbd7
9.h3 Bd6 10.O-O O-O 11.Qc2 a6 12.c5 Bc7 13.f4 b6 14.cxb6 Bxb6 15.Na4 Qc7
16.b3 c5 17.Bb2 Rfc8 18.Rac1 Qb7 19.Qe2 Ne4 20.Bxe4 dxe4 21.Nxb6 Qxb6 22.Rfd1 Qb7
23.Qd2 cxd4 24.Bxd4 Nf6 25.Qb2 Nd5 26.a3 f6 27.b4 Qb5 28.Qb1 a5 29.Qxe4 Kf7
30.Bc5 Rd8 31.Qd3 Qxd3 32.Rxd3 axb4 33.axb4 Rdb8 34.Rd4 Ra2 35.Re1 Rb7 36.g3 Rb2
37.Red1 Kg8 38.R4d2 Rb3 39.Rd3 Rb2 40.R3d2 Rb3 41.Rd3 Rb2 42.R1d2 Rb1+ 43.Rd1 Rb2
44.R1d2 Rb1+ 45.Kf2 f5 46.Rd1 Rb2+ 47.R1d2 Rb1 48.Rd1 Rb2+ 49.R3d2  1/2-1/2

[Event "Russian Rapid GP Final 2012"]
[Site "Kirov RUS"]
[Date "2012.12.24"]
[Round "4.2"]
[White "Artemiev,V"]
[Black "Dreev,A"]
[Result "0-1"]
[WhiteElo "2474"]
[BlackElo "2654"]

1.e4 c6 2.Nc3 d5 3.Nf3 Bg4 4.h3 Bxf3 5.Qxf3 e6 6.d3 Nd7 7.Bd2 Bc5 8.Qg3 Bd4
9.O-O-O Qb6 10.f4 Ne7 11.Be2 O-O 12.Kb1 Nc5 13.Bf3 Rfd8 14.Qe1 Bxc3 15.Bxc3 Na4
16.Ka1 d4 17.Bb4 c5 18.Ba3 Qc7 19.e5 Rab8 20.c4 dxc3 21.b3 Nb2 22.Qxc3 Nxd1
23.Qxc5 Qxc5 24.Bxc5 Rbc8 25.Ba3 Rxd3 26.Bxd1 Nd5 27.Bf3 Rc2 28.Rc1 Rxc1+
29.Bxc1 Rd4 30.Kb1 b6 31.Kc2 h6 32.a3 Kf8 33.g3 Ne7 34.Be3 Rd7 35.g4 Nd5
36.Bd2 Ke7 37.f5 f6 38.exf6+ Nxf6 39.fxe6 Kxe6 40.b4 Ke5 41.a4 Ne4 42.Bc1 Rc7+
43.Kb2 Nc3 44.Kb3 Nxa4 45.Bd2 b5 46.Be2 a6 47.h4 Rf7 48.Be3 Ke4 49.Bg1 Rc7
50.Bd1 Rc3+ 51.Ka2 Rc1 52.Bxa4 Rxg1 53.Bc2+ Kf4  0-1

[Event "Vladimir Petrov Memorial"]
[Site "Jurmala LAT"]
[Date "2013.02.15"]
[Round "1.1"]
[White "Drugov,P"]
[Black "Dreev,A"]
[Result "0-1"]
[WhiteElo "2328"]
[BlackElo "2654"]

1.Nf3 d5 2.c4 c6 3.d4 Nf6 4.Nc3 e6 5.cxd5 exd5 6.Bg5 Be7 7.e3 Bf5 8.Nh4 Bg4
9.Qb3 Qb6 10.Bd3 Qxb3 11.axb3 g6 12.h3 Be6 13.Nf3 Nbd7 14.Ne5 Nxe5 15.dxe5 Nd7
16.Bxe7 Kxe7 17.f4 a5 18.g4 h5 19.g5 h4 20.Kd2 Nc5 21.Bc2 Rhd8 22.Ne2 Ne4+
23.Ke1 c5 24.Nc3 Ng3 25.Rh2 d4 26.exd4 cxd4 27.Nb5 d3 28.Bd1 Ne4 29.Nc3 d2+
30.Ke2 Ng3+ 31.Kf2 b6 32.Ra4 Rac8 33.b4 Rd4 34.bxa5 Rxa4 35.Bxa4 bxa5 36.Bd1 Rb8
37.Na4 Rb4 38.Kf3 Bd5+ 39.Kg4 Nf1 40.Rf2 Ne3+ 41.Kxh4 Nxd1 42.Rxd2 Ne3 43.Rd3 Rxf4+
44.Kg3 Rf3+  0-1

[Event "Vladimir Petrov Memorial"]
[Site "Jurmala LAT"]
[Date "2013.02.15"]
[Round "2.1"]
[White "Dreev,A"]
[Black "Luther,T"]
[Result "1/2-1/2"]
[WhiteElo "2654"]
[BlackElo "2535"]

1.d4 d5 2.c4 dxc4 3.e4 b5 4.a4 c6 5.Nc3 b4 6.Na2 Nf6 7.e5 Nd5 8.Bxc4 e6 9.Nf3 Be7
10.Bd2 a5 11.Nc1 Nd7 12.Nb3 N5b6 13.Bd3 c5 14.dxc5 Nxc5 15.Nxc5 Bxc5 16.Qc2 Be7
17.Be4 Nd5 18.O-O Bb7 19.Nd4 h6 20.Qd3 O-O 21.Qg3 Bg5 22.Bxg5 Qxg5 23.Qxg5 hxg5
24.Nb5 Rab8 25.Nd6 Ba8 26.Bxd5 Bxd5 27.Rfc1 f6 28.Nc4 Bxc4 29.Rxc4 Rbc8 30.Rac1 Rxc4
31.Rxc4 Rd8 32.g4 Rd2 33.Rc5 Rxb2 34.Rxa5 Ra2 35.exf6 gxf6 36.Kg2  1/2-1/2

[Event "Vladimir Petrov Memorial"]
[Site "Jurmala LAT"]
[Date "2013.02.16"]
[Round "5.4"]
[White "Dreev,A"]
[Black "Gleizerov,E"]
[Result "0-1"]
[WhiteElo "2654"]
[BlackElo "2546"]

1.d4 d5 2.c4 c5 3.cxd5 Qxd5 4.Nf3 cxd4 5.Nc3 Qa5 6.Nxd4 Nf6 7.Bf4 e5 8.Nb3 Qc7
9.Bd2 Be7 10.g3 Bd7 11.Bg2 Bc6 12.e4 O-O 13.Rc1 Qd8 14.O-O Na6 15.Qe2 Nc5
16.Nxc5 Bxc5 17.Rfd1 Qe7 18.Be3 Bxe3 19.Qxe3 Rfd8 20.Rxd8+ Qxd8 21.Rd1 Qb6
22.Qxb6 axb6 23.f3 Kf8 24.Bf1 Ke7 25.Kf2 Ne8 26.a3 Nc7 27.Bc4 f6 28.Ke3 Rd8
29.Rc1 Rd4 30.Na2 b5 31.Bg8 Rd8 32.Bb3 Na6 33.Nc3 Nc7 34.h4 Rd4 35.Bg8 h6
36.Ba2 Rd8 37.f4 Rd4 38.fxe5 fxe5 39.Rf1 b4 40.axb4 Rxb4 41.Rf7+ Kd6 42.Rxg7 Rxb2
43.Rg6+ Kc5 44.Rxh6 b5 45.Bf7 b4 46.Nd1 Rb1 47.Nf2 Bb5 48.Nd3+ Bxd3 49.Kxd3 b3
50.Rh8 Nb5 51.Rc8+ Kb4 52.Bxb3 Rxb3+ 53.Kd2 Rxg3 54.Re8 Nd4 55.Ke1 Re3+ 56.Kf2 Rxe4
57.h5 Nf5 58.Rc8 Rf4+ 59.Kg2 e4 60.Rh8 Rh4 61.Re8 Kc3 62.h6 Nxh6  0-1

[Event "Vladimir Petrov Memorial"]
[Site "Jurmala LAT"]
[Date "2013.02.16"]
[Round "8.3"]
[White "Sveshnikov,E"]
[Black "Dreev,A"]
[Result "0-1"]
[WhiteElo "2530"]
[BlackElo "2654"]

1.e4 c6 2.d4 d5 3.exd5 cxd5 4.Nf3 Nf6 5.Bf4 Nc6 6.c3 Bf5 7.Ne5 Nd7 8.Bd3 Ndxe5
9.Bxf5 Ng6 10.Bxg6 hxg6 11.Nd2 e6 12.Qb3 Qd7 13.Nf3 Bd6 14.Bxd6 Qxd6 15.a4 O-O-O
16.Qa3 Qf4 17.a5 Kb8 18.a6 b6 19.b4 Qe4+ 20.Kf1 Qd3+ 21.Kg1 Rc8 22.h4 Rc7
23.Rh3 Qb5 24.Re1 Ne7 25.Ne5 Nf5 26.Qc1 Qxa6 27.Qf4 Kb7 28.c4 dxc4 29.g4 Nd6
30.Nxg6 Rd8 31.Ne5 Qb5 32.h5 Qd5 33.g5 Nf5 34.h6 gxh6 35.gxh6 Rg8+ 36.Rg3 Nxg3
37.fxg3 f5 38.b5 c3 39.Rc1 Qxb5 40.Qh4 Qd5 41.Qf4 c2 42.Kh2 Rh8 43.g4 fxg4
44.Nxg4 Qh5+ 45.Kg2 Rg8 46.Qf3+ Qd5 47.Qxd5+ exd5  0-1